The noble scholar, jurist, historian


 His Excellency Dr. Abdul Wahhab bin Ibrahim Abu Sulaiman, may Allah have mercy on him.


 He was born in Umm Al-Qura in the year 1356 AH.

موسوعة أعلام المغرب، من 1 إلى 1400 هـ = (Record no. 12163)

MARC details
000 -LEADER
fixed length control field 01052cam a2200265 i 4500
003 - CONTROL NUMBER IDENTIFIER
control field SA-RiAUC
005 - DATE AND TIME OF LATEST TRANSACTION
control field 20250929052440.0
008 - FIXED-LENGTH DATA ELEMENTS--GENERAL INFORMATION
fixed length control field 250929s1996 le g ce 000 0cara c
040 ## - CATALOGING SOURCE
Original cataloging agency SA-RiAUC
Language of cataloging ara
Transcribing agency SA-RiAUC
Description conventions rda
043 ## - GEOGRAPHIC AREA CODE
Geographic area code f-mr---
082 04 - DEWEY DECIMAL CLASSIFICATION NUMBER
Classification number 920.0964
090 ## - LOCALLY ASSIGNED LC-TYPE CALL NUMBER (OCLC); LOCAL CALL NUMBER (RLIN)
Classification number (OCLC) (R) ; Classification number, CALL (RLIN) (NR) 920.0964
Local cutter number (OCLC) ; Book number/undivided call number, CALL (RLIN) م و س
245 00 - TITLE STATEMENT
Title موسوعة أعلام المغرب، من 1 إلى 1400 هـ =
Remainder of title Dictionnaire des célébrités marocaines /
Statement of responsibility, etc. تنسيق وتحقيق محمد حجي.
246 31 - VARYING FORM OF TITLE
Title proper/short title Dictionnaire des célébrités marocaines
264 #1 - PRODUCTION, PUBLICATION, DISTRIBUTION, MANUFACTURE, AND COPYRIGHT NOTICE
Place of production, publication, distribution, manufacture بيروت :
Name of producer, publisher, distributor, manufacturer دار الغرب الإسلامي،
Date of production, publication, distribution, manufacture, or copyright notice 1996.
300 ## - PHYSICAL DESCRIPTION
Extent 10 مجلد ؛
Dimensions 24 سم
336 ## - CONTENT TYPE
Content type term نص
Content type code txt
Source rdacontent
Materials specified كتاب
337 ## - MEDIA TYPE
Media type term بدون وسيط
Media type code n
Source rdamedia
338 ## - CARRIER TYPE
Carrier type term مجلد
Carrier type code nc
Source rdacarrier
505 2# - FORMATTED CONTENTS NOTE
Formatted contents note المحتويات : مجلد 10. عبارة عن فهرس عام.
651 #7 - SUBJECT ADDED ENTRY--GEOGRAPHIC NAME
Geographic name المغرب
Form subdivision تراجم
-- دوائر معارف
Source of heading or term aucsh
700 1# - ADDED ENTRY--PERSONAL NAME
Personal name حجي، محمد،
Dates associated with a name 1923-2004
Relator term منسق.
942 ## - ADDED ENTRY ELEMENTS (KOHA)
Source of classification or shelving scheme Dewey Decimal Classification
Koha item type Books
949 ## - LOCAL PROCESSING INFORMATION (OCLC)
a SA-JeALM
d 250929
u khaled123
n 1
Holdings
Withdrawn status Lost status Source of classification or shelving scheme Materials specified (bound volume or other part) Damaged status Not for loan Home library Current library Date acquired Total checkouts Full call number Barcode Date last seen Price effective from Koha item type
    Dewey Decimal Classification الجزء الأول     DR AbdElwahab Library DR AbdElwahab Library 09/29/2025   920.0964 م و س 000019518 09/29/2025 09/29/2025 Books
    Dewey Decimal Classification الجزء الثاني     DR AbdElwahab Library DR AbdElwahab Library 09/29/2025   920.0964 م و س 000019519 09/29/2025 09/29/2025 Books
    Dewey Decimal Classification الجزء الثالث     DR AbdElwahab Library DR AbdElwahab Library 09/29/2025   920.0964 م و س 000019520 09/29/2025 09/29/2025 Books
    Dewey Decimal Classification الجزء الرابع     DR AbdElwahab Library DR AbdElwahab Library 09/29/2025   920.0964 م و س 000019521 09/29/2025 09/29/2025 Books
    Dewey Decimal Classification الجزء الخامس     DR AbdElwahab Library DR AbdElwahab Library 09/29/2025   920.0964 م و س 000019522 09/29/2025 09/29/2025 Books
    Dewey Decimal Classification الجزء السادس     DR AbdElwahab Library DR AbdElwahab Library 09/29/2025   920.0964 م و س 000019523 09/29/2025 09/29/2025 Books
    Dewey Decimal Classification الجزء السابع     DR AbdElwahab Library DR AbdElwahab Library 09/29/2025   920.0964 م و س 000019524 09/29/2025 09/29/2025 Books
    Dewey Decimal Classification الجزء الثامن     DR AbdElwahab Library DR AbdElwahab Library 09/29/2025   920.0964 م و س 000019525 09/29/2025 09/29/2025 Books
    Dewey Decimal Classification الجزء التاسع     DR AbdElwahab Library DR AbdElwahab Library 09/29/2025   920.0964 م و س 000019526 09/29/2025 09/29/2025 Books
    Dewey Decimal Classification الجزء العاشر     DR AbdElwahab Library DR AbdElwahab Library 09/29/2025   920.0964 م و س 000019527 09/29/2025 09/29/2025 Books